000 00216nam a2200097Ia 4500
008 190216s9999||||xx |||||||||||||| ||und||
100 _aDharm Pal
245 0 _aHindi-Gad Sourav
260 _bVrindavan Pub
942 _cBK
999 _c15417
_d15417